[Event "NRW Verbandsliga Group2 1314"]
[Site "Nordrheinwestfalen"]
[Date "2014.01.26"]
[Round "6.8"]
[White "Butschek, Gerhard"]
[Black "Bandmann, Heinz"]
[Result "1-0"]
[WhiteElo "1636"]
[BlackElo "1409"]
[PlyCount "77"]
[EventDate "2013.09.08"]
[EventType "team-tourn"]
[EventRounds "9"]
[EventCountry "GER"]
[SourceTitle "EXT 2020"]
[Source "ChessBase"]
[SourceDate "2019.10.17"]
[SourceVersion "1"]
[SourceVersionDate "2019.10.17"]
[SourceQuality "1"]
[WhiteTeam "Bochum SG III"]
[BlackTeam "Osterfeld Schwarze Dame"]
[WhiteTeamCountry "GER"]
[BlackTeamCountry "GER"]

1. g3 e5 2. Bg2 d5 3. e4 c6 4. d4 dxe4 5. dxe5 Qa5+ 6. Nc3 Qxe5 7. Bf4 Qe7 8. Qe2 f5 9. 0-0-0 Qf6 10. f3 Nh6 11. fxe4 Be7 12. Nf3 0-0 13. e5 Qf7 14. h3 Kh8 15. Qe3 Ng8 16. Rhe1 Be6 17. Kb1 Na6 18. Ng5 Bxg5 19. Bxg5 h6 20. Bf4 g5 21. Bxg5 hxg5 22. Qxg5 Qg7 23. Qh4+ Qh6 24. Qa4 Rad8 25. g4 Rxd1+ 26. Rxd1 Qe3 27. gxf5 Bxf5 28. Qh4+ Qh6 29. Qd4 Qe6 30. Ne4 Bxe4 31. Bxe4 c5 32. Qc3 b5 33. a3 b4 34. axb4 Nxb4 35. b3 Qa6 36. e6+ Nf6 37. e7 Qa2+ 38. Kc1 Qa3+ 39. Kd2 1-0

[Event "Dortmund Sparkassen op-B"]
[Site "Dortmund"]
[Date "2010.07.22"]
[Round "6"]
[White "Lust, Nikolaus"]
[Black "Butschek, Gerhard"]
[Result "0-1"]
[WhiteElo "1121"]
[BlackElo "1639"]
[PlyCount "56"]
[EventDate "2010.07.17"]
[EventType "swiss"]
[EventRounds "9"]
[EventCountry "GER"]
[SourceTitle "EXT 2014"]
[Source "ChessBase"]
[SourceDate "2013.11.20"]
[SourceVersion "1"]
[SourceVersionDate "2013.11.20"]
[SourceQuality "1"]

1. c4 f5 2. d4 Nf6 3. d5 d6 4. Qb3 Na6 5. Be3 g6 6. Nf3 Bg7 7. Nd4 0-0 8. Nc3 Ng4 9. Ncb5 f4 10. Bd2 Nc5 11. Qc3 a6 12. Na3 Ne4 13. Qc1 Bxd4 14. e3 fxe3 15. fxe3 Nxd2 16. exd4 Nxf1 17. Rxf1 Rxf1+ 18. Kxf1 Qf8+ 19. Ke2 Qf2+ 20. Kd3 Qxg2 21. Kc3 Qf3+ 22. Kb4 Bd7 23. Nb5 axb5 24. cxb5 Ne3 25. b3 Nxd5+ 26. Kc4 Bxb5+ 27. Kxb5 c6+ 28. Kc4 b5# 0-1

[Event "Dortmund Sparkassen op-B"]
[Site "Dortmund"]
[Date "2010.07.21"]
[Round "5"]
[White "Butschek, Gerhard"]
[Black "Fechner, Manfred"]
[Result "1-0"]
[WhiteElo "1639"]
[BlackElo "1469"]
[PlyCount "61"]
[EventDate "2010.07.17"]
[EventType "swiss"]
[EventRounds "9"]
[EventCountry "GER"]
[SourceTitle "EXT 2014"]
[Source "ChessBase"]
[SourceDate "2013.11.20"]
[SourceVersion "1"]
[SourceVersionDate "2013.11.20"]
[SourceQuality "1"]

1. e4 e6 2. d4 d5 3. exd5 exd5 4. Be3 Bd6 5. Bd3 Nc6 6. c3 Nge7 7. Qc2 Be6 8. h3 Qd7 9. Nf3 0-0-0 10. Nbd2 Rde8 11. 0-0-0 Nf5 12. Rde1 Re7 13. Re2 f6 14. Rhe1 h5 15. Nb3 Nxe3 16. fxe3 Bg3 17. Rf1 Rhe8 18. Nc5 Qd6 19. Nxe6 Rxe6 20. Bf5 Kb8 21. Bxe6 Rxe6 22. Qg6 Na5 23. Qxg7 a6 24. Nd2 h4 25. Kc2 Qc6 26. Qf8+ Ka7 27. Qc5+ Qxc5 28. dxc5 Nc6 29. Nf3 Bf4 30. Nxh4 Bg5 31. Nf5 1-0

[Event "Ruhrgebiet VL1 0708"]
[Site "Germany"]
[Date "2008.04.06"]
[Round "8.8"]
[White "Dawid, Adalbert"]
[Black "Butschek, Gerhard"]
[Result "1-0"]
[WhiteElo "1792"]
[BlackElo "1658"]
[PlyCount "85"]
[EventDate "2007.09.02"]
[EventType "team-tourn"]
[EventRounds "9"]
[EventCountry "GER"]
[SourceTitle "EXT 2009"]
[Source "ChessBase"]
[SourceDate "2008.11.26"]
[SourceVersion "1"]
[SourceVersionDate "2008.11.26"]
[SourceQuality "1"]
[WhiteTeam "Dortmund Hansa II"]
[BlackTeam "Bochum 31 III"]
[WhiteTeamCountry "GER"]
[BlackTeamCountry "GER"]

1. d4 Nf6 2. c4 e6 3. Nf3 h6 4. g3 Bb4+ 5. Bd2 Bxd2+ 6. Nbxd2 b6 7. Bg2 Bb7 8. Qc2 d6 9. 0-0 Nbd7 10. e4 e5 11. Rfe1 0-0 12. c5 dxc5 13. dxe5 Ng4 14. Nc4 Qe7 15. Qc3 Rfe8 16. Rad1 a5 17. Rxd7 Qxd7 18. h3 Nxf2 19. Kxf2 Qe7 20. Kg1 b5 21. Ncd2 Red8 22. Bf1 c4 23. a4 c6 24. Qe3 Qc7 25. Qc5 Qd7 26. Kh2 g5 27. Be2 Qe8 28. Nd4 Rd7 29. Bg4 Re7 30. N2f3 Rd8 31. Nf5 Re6 32. Nd6 Qe7 33. Bxe6 fxe6 34. Rf1 Ba8 35. Nd4 Rf8 36. Rxf8+ Qxf8 37. Nxe6 Qf3 38. Qg1 bxa4 39. Nc7 c3 40. bxc3 a3 41. e6 Kf8 42. Nf5 Qe2+ 43. Qg2 1-0

[Event "Dortmund op-B"]
[Site "Dortmund"]
[Date "2005.07.17"]
[Round "9"]
[White "Grasse, Herbert"]
[Black "Butschek, Gerhard"]
[Result "1-0"]
[WhiteElo "1523"]
[BlackElo "1696"]
[PlyCount "123"]
[EventDate "2005.07.08"]
[EventType "swiss"]
[EventRounds "9"]
[EventCountry "GER"]
[SourceTitle "CBM 107 Extra"]
[Source "ChessBase"]
[SourceDate "2005.09.01"]
[SourceVersion "1"]
[SourceVersionDate "2005.09.01"]
[SourceQuality "1"]

1. Nf3 Nf6 2. g3 d5 3. Bg2 Bf5 4. d3 Nc6 5. Nh4 Qd7 6. Nxf5 Qxf5 7. 0-0 e6 8. Nd2 Bc5 9. c3 Ng4 10. d4 Bd6 11. e4 dxe4 12. Bxe4 Qh5 13. Nf3 0-0 14. Kg2 f5 15. Bc2 e5 16. h3 e4 17. Bb3+ Kh8 18. Ng5 f4 19. Qxg4 f3+ 20. Kg1 Qxg4 21. hxg4 h6 22. Nf7+ Kh7 23. Nxd6 cxd6 24. d5 Ne5 25. Re1 Nxg4 26. Rxe4 h5 27. Bf4 Rf6 28. Rae1 Raf8 29. Bc2 Kg8 30. Re7 h4 31. Bg5 hxg3 32. Bxf6 gxf2+ 33. Kf1 fxe1Q+ 34. Kxe1 Nxf6 35. Rxb7 Nxd5 36. Bb3 f2+ 37. Kf1 Kh7 38. Bxd5 Kh6 39. Rf7 Rb8 40. Rxf2 g5 41. Kg2 Rb6 42. Kg3 Kg6 43. Kg4 Rb5 44. c4 Rb8 45. b3 Rh8 46. Be4+ Kg7 47. Kxg5 Re8 48. Bd5 Re5+ 49. Kg4 Kg6 50. Rf7 Rxd5 51. Rg7+ Kxg7 52. cxd5 Kf7 53. Kf5 Ke7 54. b4 Kf7 55. a4 Ke7 56. b5 Kd7 57. a5 Kc7 58. Ke6 Kc8 59. Kxd6 Kd8 60. Kc6 Kc8 61. b6 a6 62. d6 1-0

[Event "Dortmund op-B"]
[Site "Dortmund"]
[Date "2005.07.16"]
[Round "8"]
[White "Butschek, Gerhard"]
[Black "Weigelt, Dominik"]
[Result "1-0"]
[WhiteElo "1696"]
[BlackElo "1382"]
[PlyCount "85"]
[EventDate "2005.07.08"]
[EventType "swiss"]
[EventRounds "9"]
[EventCountry "GER"]
[SourceTitle "CBM 107 Extra"]
[Source "ChessBase"]
[SourceDate "2005.09.01"]
[SourceVersion "1"]
[SourceVersionDate "2005.09.01"]
[SourceQuality "1"]

1. e4 e5 2. Nf3 Nf6 3. Bc4 Nc6 4. 0-0 Bc5 5. d3 d6 6. h3 Bd7 7. c3 Bb6 8. b4 0-0 9. a4 a6 10. Bg5 Ne7 11. Bxf6 gxf6 12. Nh2 Kh8 13. Qf3 Ng6 14. Ng4 Bxg4 15. hxg4 Qe7 16. g3 Ba7 17. Nd2 Rg8 18. Kg2 Rg7 19. Rh1 Rag8 20. Rh6 c6 21. Rah1 b5 22. axb5 axb5 23. Bb3 c5 24. Qf5 cxb4 25. cxb4 Bd4 26. Qh5 Nf8 27. Nf3 Bc3 28. Nh4 Rg5 29. Qxf7 Qxf7 30. Bxf7 R8g7 31. Bh5 Ra7 32. Rxf6 Nd7 33. Rxd6 Bxb4 34. Rc6 Rg7 35. Nf5 Rg8 36. Rb1 Ba5 37. Rxb5 Nb8 38. Rc2 Rd8 39. Rxe5 Nd7 40. Rd5 Rb8 41. Ra2 Rba8 42. Raxa5 Rxa5 43. Rxd7 1-0

[Event "Dortmund op-B"]
[Site "Dortmund"]
[Date "2003.08.10"]
[Round "9"]
[White "Gessinger, Winfried"]
[Black "Butschek, Gerhard"]
[Result "1-0"]
[WhiteElo "1807"]
[BlackElo "1664"]
[PlyCount "101"]
[EventDate "2003.08.01"]
[EventType "swiss"]
[EventRounds "9"]
[EventCountry "GER"]
[SourceTitle "CBM 095 Extra"]
[Source "ChessBase"]
[SourceDate "2003.09.04"]
[SourceVersion "1"]
[SourceVersionDate "2003.09.04"]
[SourceQuality "1"]

1. e4 c6 2. d4 d5 3. Nc3 dxe4 4. Nxe4 Bf5 5. Ng3 Bg6 6. h4 h6 7. Nf3 Nd7 8. Bf4 Ngf6 9. h5 Bh7 10. Bc4 e6 11. Qe2 Nd5 12. Bxd5 cxd5 13. c3 Be7 14. Nf1 a6 15. N1d2 Nf6 16. Ne5 Qb6 17. 0-0 Bf5 18. Rae1 Nd7 19. Ng6 fxg6 20. g4 g5 21. Bxg5 Bxg5 22. gxf5 0-0 23. fxe6 Rae8 24. Nf3 Bf6 25. c4 Bxd4 26. cxd5 Bf6 27. Rc1 Qd6 28. Rfe1 Nb8 29. Qc4 Re7 30. Qe4 Rd8 31. Ne5 Bxe5 32. Qxe5 Qxe5 33. Rxe5 Nd7 34. exd7 Rexd7 35. Rd1 Kh7 36. Kf1 g6 37. hxg6+ Kxg6 38. Ke2 Kf6 39. f4 Rd6 40. Ke3 Rg8 41. Rd2 Rg3+ 42. Ke4 b5 43. Rh2 Rg6 44. Kd4 Kf7 45. Rhe2 Rgf6 46. f5 h5 47. Re7+ Kf8 48. Re8+ Kg7 49. R2e7+ Kh6 50. Re6 Rfxe6 51. fxe6 1-0